000 00277pab a2200109 454500
008 180718b xxu||||| |||| 00| 0 eng d
100 _aGopalaswami, T.V.
245 _aReturns from state enterprise
650 _aGovernment Enterprise
773 _aFinancial Express
909 _a22642
999 _c22642
_d22642